[Event "II Open Praiascacchi"]
[Site "Praia a Mare ITA"]
[Date "2010.04.02"]
[Round "5"]
[White "Familari, Giuseppe"]
[Black "Cottone, Salvatore"]
[Result "1-0"]
[WhiteElo "1891"]
[BlackElo "1963"]
[PlyCount "57"]
[EventDate "2010.03.31"]

1. e4 d6 2. d4 Nf6 3. Nc3 c6 4. Nf3 Bg4 5. h3 Bh5 6. Bf4 Qa5 7. Qd2 Nbd7 8. e5
Bxf3 9. exf6 Nxf6 10. gxf3 O-O-O 11. O-O-O h6 12. Kb1 g5 13. Bg3 Bg7 14. Ne4
Qb6 15. Nxf6 Bxf6 16. f4 c5 17. c3 cxd4 18. cxd4 Kb8 19. Bg2 Rc8 20. fxg5 hxg5
21. Bd5 e6 22. Bb3 a5 23. d5 a4 24. Bxa4 Rc4 25. Bb3 Rhc8 26. Bxc4 Rxc4 27.
dxe6 Rd4 28. Qc2 Rc4 29. Rxd6 1-0

[Event "II Open Praiascacchi"]
[Site "Praia a Mare ITA"]
[Date "2010.04.02"]
[Round "5"]
[White "Fiorentino, Vincenzo"]
[Black "Violi, Vincenzo"]
[Result "0-1"]
[WhiteElo "1575"]
[BlackElo "1599"]
[PlyCount "40"]
[EventDate "2010.03.31"]

1. d4 Nf6 2. c4 e6 3. Nc3 Bb4 4. a3 Bxc3+ 5. bxc3 b6 6. Bg5 Nc6 7. e3 Ba6 8. d5
Na5 9. dxe6 fxe6 10. Qa4 O-O 11. Rd1 Qe7 12. Nf3 d6 13. Nd4 Qf7 14. Bxf6 Qxf6
15. Rd2 c5 16. Nb5 Bxb5 17. Qxb5 Qxc3 18. Qd7 Nb3 19. Qxe6+ Kh8 20. Qxd6 Rad8
0-1

[Event "II Open Praiascacchi"]
[Site "Praia a Mare ITA"]
[Date "2010.04.02"]
[Round "5"]
[White "Gad, Ahmad"]
[Black "Forlano, Luigi"]
[Result "0-1"]
[WhiteElo "1963"]
[BlackElo "2011"]
[PlyCount "68"]
[EventDate "2010.03.31"]

1. e4 c6 2. d3 d5 3. Nd2 e5 4. Ngf3 Bd6 5. g3 Bg4 6. h3 Be6 7. Bg2 Nd7 8. O-O
f6 9. exd5 cxd5 10. c4 Ne7 11. Re1 O-O 12. Nd4 Bf7 13. Nc2 Nc5 14. Qe2 a5 15.
Na3 Rc8 16. Nb5 Re8 17. b3 Bg6 18. d4 exd4 19. Ba3 d3 20. Qg4 Be5 21. Rad1 h5
22. Qf3 Ne4 23. cxd5 Ng5 24. Qe3 Nxd5 25. Qa7 Nc3 26. Nxc3 Bxc3 27. Re3 Rxe3
28. Qxe3 Bd4 29. Qf4 Qd7 30. Bd6 Ba7 31. Kh2 Bxf2 32. Bd5+ Kh7 33. Bg2 Re8 34.
Rc1 Be3 0-1

[Event "II Open Praiascacchi"]
[Site "Praia a Mare ITA"]
[Date "2010.04.02"]
[Round "5"]
[White "Giacoia, Dario"]
[Black "Mercuri, Delia"]
[Result "1-0"]
[WhiteElo "1571"]
[BlackElo "1520"]
[PlyCount "143"]
[EventDate "2010.03.31"]

1. e4 e5 2. Nf3 Nf6 3. Nc3 Nc6 4. Bc4 d6 5. Ng5 Be6 6. Nxe6 fxe6 7. Bxe6 Qe7 8.
Bh3 Nd4 9. O-O Ne6 10. d3 O-O-O 11. Bg5 Kb8 12. Nd5 Qf7 13. Bxf6 gxf6 14. f4 c6
15. Bxe6 Qxe6 16. Ne3 Bh6 17. Qf3 Bxf4 18. Ng4 h5 19. Nf2 Rhg8 20. Kh1 h4 21.
Nh3 Rg4 22. Nxf4 Rxf4 23. Qe2 Rg4 24. h3 Rg6 25. Kh2 Rdg8 26. Rf2 R8g7 27. b3
Qg8 28. Rg1 Qh8 29. Qf1 Rf7 30. g3 hxg3+ 31. Rxg3 Rh6 32. Qg2 Qh7 33. Rff3 Kc7
34. Rg4 Kb6 35. Qf2+ c5 36. Qf1 Rh5 37. Rgg3 Qh6 38. Qg2 Qh7 39. Rg6 Qh8 40.
Qf1 Qd8 41. Rgxf6 Rfh7 42. R6f5 Rh4 43. Rg3 Qe8 44. Rfg5 Rf4 45. Qg1 Qf7 46.
Rg2 Qf8 47. R5g4 Qh6 48. R4g3 Qh4 49. Qe3 Rhf7 50. Rg4 Qd8 51. Rxf4 exf4 52.
Qf3 Qf6 53. Rg4 Qe5 54. h4 Qb2 55. Kh3 Qe5 56. Rg5 Qe6+ 57. Rg4 Qe5 58. Rg5 Qd4
59. Rf5 Rxf5 60. exf5 Qe5 61. Kg4 Qe1 62. f6 Qe6+ 63. Kg5 Qe5+ 64. Kg6 Qe8+ 65.
Kg7 Qe5 66. Qe4 f3 67. Qxf3 Qd4 68. h5 Qe5 69. Qg4 Qb2 70. Qg6 Qxc2 71. h6 Qxa2
72. h7 1-0

[Event "II Open Praiascacchi"]
[Site "Praia a Mare ITA"]
[Date "2010.04.02"]
[Round "5"]
[White "Mammoliti, Salvatore Remig"]
[Black "Limongi, Raffaele"]
[Result "1-0"]
[WhiteElo "1416"]
[BlackElo "1404"]
[PlyCount "122"]
[EventDate "2010.03.31"]

1. e4 e5 2. Nf3 Nc6 3. Bc4 Nf6 4. Nc3 Bb4 5. Nd5 Nxe4 6. Nxb4 Nxb4 7. a3 Nc6 8.
Bd5 Nf6 9. Bxc6 dxc6 10. h3 O-O 11. O-O Be6 12. Nxe5 Qd6 13. d4 Rad8 14. c3 c5
15. Nf3 b5 16. Bg5 Bc4 17. Re1 Ng4 18. Bxd8 Rxd8 19. hxg4 g6 20. dxc5 Qf6 21.
Qc1 Bd5 22. Qg5 Qxg5 23. Nxg5 h6 24. Nf3 Bc4 25. Ne5 Be6 26. b4 Rd5 27. Re3 f6
28. Nxg6 Bxg4 29. Ne7+ Kg7 30. Nxd5 c6 31. Rg3 h5 32. Ne3 f5 33. Nxf5+ Kf6 34.
Nd6 a6 35. Re3 Kg5 36. Rae1 Kh4 37. Kh2 Kg5 38. Re5+ Kh6 39. f3 Bd7 40. Re7 Bc8
41. f4 Bg4 42. f5 Bxf5 43. Nxf5+ Kg6 44. Nd6 Kf6 45. Kg3 h4+ 46. Kg4 h3 47.
Rf1+ Kxe7 48. gxh3 a5 49. Nf5+ Kd7 50. bxa5 b4 51. a6 Kc7 52. a7 Kb7 53. axb4
Kxa7 54. h4 Ka6 55. h5 Kb5 56. Rf3 Ka4 57. h6 Ka3 58. h7 Ka2 59. h8=Q Kb3 60.
Nd4+ Kc4 61. Ne2 Kb3 1-0

[Event "II Open Praiascacchi"]
[Site "Praia a Mare ITA"]
[Date "2010.04.02"]
[Round "5"]
[White "Orenga, Antonio"]
[Black "Cordi', Domenico"]
[Result "0-1"]
[WhiteElo "1404"]
[BlackElo "2055"]
[PlyCount "46"]
[EventDate "2010.03.31"]

1. e4 Nf6 2. d3 d5 3. Nd2 c5 4. Ngf3 Nc6 5. g3 dxe4 6. dxe4 Bg4 7. c3 Nxe4 8.
Qa4 Nxd2 9. Qxg4 Nxf3+ 10. Qxf3 e6 11. Bb5 Rc8 12. Be3 Qb6 13. Ba4 Qa5 14. Bc2
Nd4 15. Bxd4 cxd4 16. b4 Qc7 17. O-O Be7 18. Qe4 dxc3 19. a4 g6 20. Qd4 O-O 21.
Rac1 Rfd8 22. Qe4 Qb6 23. a5 Qxb4 0-1

[Event "II Open Praiascacchi"]
[Site "Praia a Mare ITA"]
[Date "2010.04.02"]
[Round "5"]
[White "Palazzotto, Roberto"]
[Black "Guglielmi, Dante"]
[Result "1-0"]
[WhiteElo "1965"]
[BlackElo "1904"]
[PlyCount "49"]
[EventDate "2010.03.31"]

1. e4 c5 2. Nf3 d6 3. d4 cxd4 4. Nxd4 Nf6 5. Nc3 a6 6. Be3 e6 7. f3 Be7 8. Qd2
Nc6 9. O-O-O O-O 10. g4 Ne5 11. h4 Nfd7 12. Qf2 b5 13. Kb1 Bb7 14. g5 Rc8 15.
h5 Nc5 16. g6 fxg6 17. hxg6 Ng4 18. gxh7+ Kh8 19. Qe2 Nxe3 20. Qxe3 b4 21. Nce2
Qc7 22. Rc1 d5 23. e5 Rf7 24. Nf4 Bg5 25. Ng6# 1-0

[Event "II Open Praiascacchi"]
[Site "Praia a Mare ITA"]
[Date "2010.04.02"]
[Round "5"]
[White "Rametta, Marcello"]
[Black "Simone, Leo"]
[Result "1/2-1/2"]
[WhiteElo "1785"]
[BlackElo "1921"]
[PlyCount "120"]
[EventDate "2010.03.31"]

1. e4 d5 2. exd5 Qxd5 3. Nc3 Qa5 4. Bc4 Bf5 5. d3 c6 6. Bd2 Qc7 7. h3 e6 8. Qf3
Nf6 9. Nge2 Bd6 10. O-O-O Nbd7 11. g4 Bg6 12. Qg2 Nd5 13. Ne4 Bxe4 14. Qxe4 b5
15. Bb3 a5 16. c4 Nc5 17. Qf3 Nxb3+ 18. axb3 Nb4 19. Kb1 O-O 20. Nd4 Rab8 21.
Bxb4 axb4 22. Qxc6 Qxc6 23. Nxc6 Rb6 24. cxb5 Rxb5 25. Rc1 Ra8 26. Rc4 Rb6 27.
Rhc1 g5 28. Kc2 Bf4 29. Re1 Bd6 30. Ree4 Ra1 31. Nxb4 Bf4 32. Kc3 e5 33. d4
Rc1+ 34. Nc2 exd4+ 35. Rcxd4 Rc6+ 36. Rc4 Rd6 37. Kb4 Rb6+ 38. Ka4 Ra6+ 39. Kb5
Ra8 40. Nd4 Rb8+ 41. Kc5 Rd1 42. Re2 Rc8+ 43. Kd5 Rd8+ 44. Ke4 Re8+ 45. Kf3
Rd3+ 46. Kg2 Rxe2 47. Nxe2 Rxb3 48. Nxf4 gxf4 49. Rxf4 Rxb2 50. h4 Rb3 51. f3
Kg7 52. h5 h6 53. Rf5 Rb4 54. f4 Rb3 55. g5 hxg5 56. fxg5 Ra3 57. Rf3 Ra5 58.
Rg3 Ra4 59. Kh3 Rb4 60. Rg4 Rb3+ 1/2-1/2

[Event "II Open Praiascacchi"]
[Site "Praia a Mare ITA"]
[Date "2010.04.02"]
[Round "5"]
[White "Tricomi, Massimo"]
[Black "Carlomagno, Vincenzo"]
[Result "1/2-1/2"]
[WhiteElo "1918"]
[BlackElo "1863"]
[PlyCount "36"]
[EventDate "2010.03.31"]

1. Nf3 c5 2. c4 Nf6 3. Nc3 e6 4. g3 b6 5. Bg2 Bb7 6. O-O Be7 7. d4 cxd4 8. Qxd4
d6 9. b3 O-O 10. Ba3 d5 11. Bxe7 Qxe7 12. cxd5 Nxd5 13. Ne5 Nxc3 14. Qxc3 Bxg2
15. Kxg2 f6 16. Nf3 Nd7 17. Rfd1 Rac8 18. Qb2 Rfd8 1/2-1/2

[Event "II Open Praiascacchi"]
[Site "Praia a Mare ITA"]
[Date "2010.04.02"]
[Round "5"]
[White "Vacchiano, Salvatore"]
[Black "Gad, Alessandro"]
[Result "1/2-1/2"]
[WhiteElo "1551"]
[BlackElo "1605"]
[PlyCount "43"]
[EventDate "2010.03.31"]

1. e4 e6 2. d4 d5 3. Nc3 Nf6 4. Bg5 Be7 5. e5 Nfd7 6. Bxe7 Qxe7 7. f4 a6 8. Qg4
g6 9. Nf3 c5 10. O-O-O Nc6 11. h4 h5 12. Qg3 b5 13. Bd3 c4 14. Bxg6 fxg6 15.
Qxg6+ Qf7 16. Qg3 Bb7 17. Ng5 Qf5 18. Rhf1 Nb4 19. Rd2 Rg8 20. a3 Nc6 21. Qf3
Rxg5 22. hxg5 1/2-1/2

[Event "II Open Praiascacchi"]
[Site "Praia a Mare ITA"]
[Date "2010.04.02"]
[Round "5"]
[White "Valguarnera, Girolamo"]
[Black "Ljubisavljevic, Zivojin Z."]
[Result "0-1"]
[WhiteElo "2121"]
[BlackElo "2260"]
[PlyCount "82"]
[EventDate "2010.03.31"]

1. e4 e6 2. b3 d5 3. Bb2 dxe4 4. Nc3 Nf6 5. g4 Bb4 6. Qe2 Nc6 7. O-O-O e5 8. h3
Be6 9. g5 Nd4 10. Qe1 Nd7 11. Nxe4 Be7 12. Bg2 c6 13. Kb1 Qa5 14. f4 O-O-O 15.
Bc3 Qa6 16. fxe5 Nxc2 17. Qf1 Na3+ 18. Kb2 Nc4+ 19. Ka1 Ndxe5 20. d4 Ne3 21.
Qxa6 bxa6 22. Rd2 Nxg2 23. Rxg2 Bd5 24. Re2 Ng6 25. Rhh2 Nf4 26. Re1 Rde8 27.
h4 h6 28. Nh3 Nxh3 29. Rxh3 Bxe4 30. gxh6 Bf6 31. Rhe3 Bxh4 32. Rf1 gxh6 33.
Rf4 Bg5 34. Rexe4 Bxf4 35. Rxf4 Rh7 36. Kb2 h5 37. Rh4 f5 38. Kc2 Re4 39. Rh3
h4 40. Bb2 Rhe7 41. Rc3 Re2+ 0-1

[Event "VIII Open B Inverno"]
[Site "Offida ITA"]
[Date "2010.12.05"]
[Round "1"]
[White "Libetti, Francesco"]
[Black "Di Giacobbe, Fabrizio"]
[Result "1/2-1/2"]
[WhiteElo "1478"]
[BlackElo "1410"]
[PlyCount "73"]
[EventDate "2010.12.05"]

1. d4 d5 2. Nf3 Nf6 3. Nc3 e6 4. Bf4 Nbd7 5. e3 a6 6. Bd3 c5 7. O-O Be7 8. Re1
Qb6 9. Qc1 Bd6 10. Bxd6 Qxd6 11. e4 dxe4 12. dxc5 Nxc5 13. Nxe4 Ncxe4 14. Bxe4
Nxe4 15. Rxe4 O-O 16. Qd2 Qxd2 17. Nxd2 b5 18. c3 Bb7 19. Ree1 Rfd8 20. Rad1
Rd7 21. Nf3 Rxd1 22. Rxd1 Bxf3 23. gxf3 Kf8 24. Kg2 Ke7 25. Kg3 Ra7 26. f4 Rd7
27. Rxd7+ Kxd7 28. Kf3 f5 29. b3 Kd6 30. Ke3 Kc5 31. Kd3 a5 32. a3 h6 33. b4+
axb4 34. axb4+ Kd5 35. h4 e5 36. fxe5 Kxe5 37. f3 1/2-1/2

[Event "VIII Open B Inverno"]
[Site "Offida ITA"]
[Date "2010.12.05"]
[Round "1"]
[White "Palestini, Arsen"]
[Black "Pierantozzi, Francesco"]
[Result "1-0"]
[WhiteElo "1443"]
[BlackElo "1290"]
[PlyCount "53"]
[EventDate "2010.12.05"]

1. Nc3 e5 2. e4 a6 3. d3 Nf6 4. Nf3 Bd6 5. Be2 O-O 6. Bd2 Qe7 7. O-O b6 8. Nd5
Qe6 9. c4 c6 10. Nxb6 Ra7 11. Bg5 Bc5 12. Na4 Be7 13. Be3 d6 14. Bxa7 Nbd7 15.
Ng5 Nc5 16. Nxe6 Nxe6 17. Nb6 Bb7 18. Qb3 Nd4 19. Qd1 d5 20. exd5 cxd5 21. Nxd5
Nxd5 22. cxd5 Bxd5 23. Bxd4 f6 24. Bc3 Rd8 25. Bf3 Bc4 26. d4 g6 27. b3 1-0

[Event "VIII Open B Inverno"]
[Site "Offida ITA"]
[Date "2010.12.05"]
[Round "1"]
[White "Palestini, Piera"]
[Black "Agostinelli, Matteo"]
[Result "0-1"]
[WhiteElo "1377"]
[BlackElo "1449"]
[PlyCount "82"]
[EventDate "2010.12.05"]

1. e4 c6 2. d4 d5 3. Nc3 dxe4 4. Nxe4 Bf5 5. Nc5 Qc7 6. Nf3 Nd7 7. Bc4 Nxc5 8.
dxc5 Qa5+ 9. Bd2 Qxc5 10. Be2 O-O-O 11. c3 e6 12. O-O h6 13. Nd4 Bh7 14. Bg4
Qd6 15. Re1 Re8 16. Qb3 Nf6 17. Bh3 Nd5 18. Qc4 Nc7 19. Nf3 Rg8 20. Rad1 Qc5
21. Qxc5 Bxc5 22. Ne5 f6 23. Nc4 Kb8 24. b4 Bf8 25. Bf4 e5 26. Be3 f5 27. f4
exf4 28. Bxf4 Rxe1+ 29. Rxe1 g5 30. Bxc7+ Kxc7 31. g3 f4 32. Ne5 fxg3 33. hxg3
Bd6 34. Nf3 g4 35. Bxg4 Rxg4 36. Nd4 Rxg3+ 37. Kf1 Rxc3 38. Ne6+ Kb6 39. Nd4
Bxb4 40. Rd1 Bd3+ 41. Kf2 Bc5 0-1

[Event "VIII Open B Inverno"]
[Site "Offida ITA"]
[Date "2010.12.05"]
[Round "2"]
[White "Agostinelli, Matteo"]
[Black "Palestini, Arsen"]
[Result "1-0"]
[WhiteElo "1449"]
[BlackElo "1443"]
[PlyCount "67"]
[EventDate "2010.12.05"]

1. e4 e5 2. Nf3 d6 3. d4 exd4 4. Nxd4 c5 5. Bb5+ Bd7 6. Bxd7+ Nxd7 7. Nf5 g6 8.
Nxd6+ Bxd6 9. Qxd6 Ne7 10. O-O O-O 11. Bh6 Nc8 12. Qd3 Re8 13. Qc3 Qf6 14. Qxf6
Nxf6 15. f3 Nd6 16. Nc3 Nc4 17. b3 Na3 18. Rac1 a6 19. Nb1 Nb5 20. c3 Rac8 21.
a4 Na7 22. Na3 Kh8 23. Nc4 Re6 24. e5 Ng8 25. Bf4 Ne7 26. Nd6 Rf8 27. Bh6 Rxd6
28. exd6 Re8 29. dxe7 Rxe7 30. Rfe1 Nc6 31. b4 cxb4 32. cxb4 Rxe1+ 33. Rxe1
Nxb4 34. Re8# 1-0

[Event "VIII Open B Inverno"]
[Site "Offida ITA"]
[Date "2010.12.05"]
[Round "2"]
[White "Almonti, Alberto"]
[Black "Libetti, Francesco"]
[Result "0-1"]
[WhiteElo "1386"]
[BlackElo "1478"]
[PlyCount "70"]
[EventDate "2010.12.05"]

1. e4 e5 2. Nf3 Nc6 3. Nc3 Nf6 4. Bc4 h6 5. d3 d6 6. O-O Bg4 7. h3 Bh5 8. Be3
Nh7 9. Re1 Ng5 10. h4 Nxf3+ 11. gxf3 Qxh4 12. Kf1 Qh1+ 13. Ke2 Qxf3+ 14. Kd2
Qh3 15. f3 Bxf3 16. Qc1 Be7 17. Rf1 Bg5 18. Bxg5 hxg5 19. Qe1 Nd4 20. Qe3 g4
21. Rae1 Qh6 22. Kc1 O-O-O 23. Kb1 Qxe3 24. Rxe3 Rh2 25. Bxf7 Nxc2 26. Be6+ Kb8
27. Bxg4 Nxe3 28. Rxf3 Rh1+ 29. Rf1 Rxf1+ 30. Bd1 Nxd1 31. Kc2 Nxc3 32. Kxc3 b5
33. d4 Rdf8 34. dxe5 R8f3+ 35. Kd4 Rd1# 0-1

[Event "VIII Open B Inverno"]
[Site "Offida ITA"]
[Date "2010.12.08"]
[Round "3"]
[White "Chiappini, Saturnino"]
[Black "Pierantozzi, Francesco"]
[Result "1-0"]
[WhiteElo "1496"]
[BlackElo "1290"]
[PlyCount "84"]
[EventDate "2010.12.05"]

1. d4 d5 2. c4 Nf6 3. Nc3 a6 4. e3 b6 5. h3 Nc6 6. Nf3 h6 7. Be2 e5 8. O-O e4
9. Ne1 Nh7 10. Nxd5 Ng5 11. Nf4 Ne5 12. dxe5 Qxd1 13. Bxd1 Bc5 14. h4 Nh7 15.
Ba4+ c6 16. Bc2 O-O 17. Bxe4 g6 18. e6 Nf6 19. exf7+ Rxf7 20. Bxg6 Rg7 21. h5
b5 22. cxb5 axb5 23. Nf3 Ng4 24. Nh2 Nf6 25. Bd2 Bd6 26. a3 Be5 27. Bc3 Bxc3
28. bxc3 Ra4 29. Rad1 Bd7 30. Rd4 Ra8 31. Nf3 Rd8 32. Nh4 c5 33. Rd6 Re7 34.
Rxf6 Kg7 35. Rd6 Ra8 36. Nf5+ Bxf5 37. Bxf5 Kf7 38. Nd5 Re5 39. Bg6+ Kg7 40.
Nc7 Rf8 41. Ne6+ Rxe6 42. Rxe6 Kg8 1-0

[Event "VIII Open B Inverno"]
[Site "Offida ITA"]
[Date "2010.12.08"]
[Round "3"]
[White "Ciotti, Daniele"]
[Black "Almonti, Alberto"]
[Result "1-0"]
[WhiteElo "1356"]
[BlackElo "1386"]
[PlyCount "27"]
[EventDate "2010.12.05"]

1. d4 e6 2. c3 f6 3. e3 e5 4. Bd3 exd4 5. cxd4 d6 6. Bd2 h5 7. Nc3 Bg4 8. f3
Bd7 9. Qc2 Nc6 10. Bg6+ Ke7 11. Qe4+ Be6 12. Nd5+ Kd7 13. Bf5 Nh6 14. Qxe6# 1-0

[Event "VIII Open B Inverno"]
[Site "Offida ITA"]
[Date "2010.12.08"]
[Round "3"]
[White "Di Giacobbe, Fabrizio"]
[Black "Alibabaei, Danesh"]
[Result "1-0"]
[WhiteElo "1410"]
[BlackElo "1191"]
[PlyCount "33"]
[EventDate "2010.12.05"]

1. d4 d5 2. c4 Nf6 3. e3 Bg4 4. Nf3 Bd7 5. Nc3 dxc4 6. Bxc4 e6 7. O-O Bd6 8. e4
Nxe4 9. Nxe4 Bb4 10. Bg5 Qc8 11. a3 Bc6 12. Qc2 Bxe4 13. Qxe4 Bd6 14. d5 c6 15.
dxe6 fxe6 16. Qxe6+ Kf8 17. Qf7# 1-0

[Event "VIII Open B Inverno"]
[Site "Offida ITA"]
[Date "2010.12.08"]
[Round "3"]
[White "Libetti, Francesco"]
[Black "Agostinelli, Matteo"]
[Result "0-1"]
[WhiteElo "1478"]
[BlackElo "1449"]
[PlyCount "34"]
[EventDate "2010.12.05"]

1. d4 d5 2. Nf3 Nf6 3. Bg5 e6 4. e3 c5 5. Bb5+ Bd7 6. Bxd7+ Nbxd7 7. b3 h6 8.
Bh4 g5 9. Bg3 Ne4 10. Qd3 cxd4 11. Qxd4 Rg8 12. Qd3 Bg7 13. c3 Rc8 14. Ne5 Ndc5
15. Qb5+ Ke7 16. Ke2 Re8 17. Nd2 Nxc3+ 0-1

[Event "VIII Open B Inverno"]
[Site "Offida ITA"]
[Date "2010.12.08"]
[Round "4"]
[White "Agostinelli, Matteo"]
[Black "Di Giacobbe, Fabrizio"]
[Result "1-0"]
[WhiteElo "1449"]
[BlackElo "1410"]
[PlyCount "67"]
[EventDate "2010.12.05"]

1. e4 e5 2. Nf3 Nf6 3. d3 Nc6 4. Nc3 Bb4 5. Bd2 a6 6. g3 d6 7. Bg2 O-O 8. O-O
Be6 9. a3 Bc5 10. h3 Qd7 11. Ng5 b5 12. Nxe6 Qxe6 13. Bg5 Nd4 14. Nd5 Nxd5 15.
exd5 Qd7 16. c3 Nf5 17. Qf3 h6 18. Bd2 a5 19. h4 Ne7 20. b4 axb4 21. axb4 Bb6
22. Be3 Bxe3 23. fxe3 f5 24. e4 f4 25. gxf4 Rxf4 26. Rxa8+ Nc8 27. Qh3 Rg4 28.
Kh2 Kh7 29. Rxc8 Qxc8 30. Bf3 h5 31. Bxg4 hxg4 32. Qg3 Kh6 33. Rf5 g6 34. Rg5
1-0

[Event "VIII Open B Inverno"]
[Site "Offida ITA"]
[Date "2010.12.08"]
[Round "4"]
[White "Alibabaei, Danesh"]
[Black "Chiappini, Saturnino"]
[Result "0-1"]
[WhiteElo "1191"]
[BlackElo "1496"]
[PlyCount "42"]
[EventDate "2010.12.05"]

1. e4 e5 2. Nf3 Nc6 3. Bc4 h6 4. O-O Nf6 5. Bb3 Be7 6. Qe2 O-O 7. d4 exd4 8.
Nxd4 Nxd4 9. Qc4 Nxb3 10. e5 Nxc1 11. exf6 Bxf6 12. Nc3 Bxc3 13. Qxc3 Ne2+ 14.
Kh1 Nxc3 15. bxc3 Qf6 16. Rab1 Qxc3 17. a3 b6 18. h3 Bb7 19. Kh2 Qe5+ 20. Kh1
Qe4 21. Rfe1 Qxg2# 0-1

[Event "VIII Open B Inverno"]
[Site "Offida ITA"]
[Date "2010.12.08"]
[Round "4"]
[White "Libetti, Francesco"]
[Black "Ciotti, Daniele"]
[Result "1-0"]
[WhiteElo "1478"]
[BlackElo "1356"]
[PlyCount "87"]
[EventDate "2010.12.05"]

1. e4 e5 2. Nf3 Nc6 3. Bc4 Nh6 4. d3 g6 5. Be3 Bg7 6. Qd2 O-O 7. Bxh6 Qf6 8.
Bxg7 Qxg7 9. c3 d6 10. h3 a6 11. O-O b5 12. Bd5 Bb7 13. d4 Nd8 14. Bxb7 Nxb7
15. Na3 f5 16. Qe2 exd4 17. Nxd4 Rae8 18. f3 b4 19. Qc4+ Kh8 20. Ne6 Qf7 21.
Nxf8 Rxf8 22. Qxf7 Rxf7 23. cxb4 fxe4 24. fxe4 Re7 25. Rae1 a5 26. bxa5 Nxa5
27. b3 Nc6 28. Nc2 Ne5 29. Nb4 c5 30. Nd5 Ra7 31. a4 Ra5 32. Rf6 c4 33. bxc4
Nxc4 34. g4 Ne5 35. Rxd6 Nf3+ 36. Kf2 Nd2 37. Rd8+ Kg7 38. g5 Kf7 39. Rc1 Nxe4+
40. Ke3 Rxa4 41. Rc7+ Ke6 42. Re7+ Kf5 43. Rf8+ Kxg5 44. Rxe4 1-0

[Event "VIII Open B Inverno"]
[Site "Offida ITA"]
[Date "2010.12.12"]
[Round "5"]
[White "Alibabaei, Danesh"]
[Black "Libetti, Francesco"]
[Result "0-1"]
[WhiteElo "1191"]
[BlackElo "1478"]
[PlyCount "30"]
[EventDate "2010.12.05"]

1. e4 e5 2. Nf3 Nc6 3. Bc4 h6 4. O-O Nf6 5. Nc3 Bc5 6. Bb3 d6 7. d3 Bg4 8. d4
Nxd4 9. Ba4+ c6 10. Qd3 Nxf3+ 11. gxf3 Bh3 12. Re1 Nh5 13. Bb3 Qh4 14. Qc4
Qxf2+ 15. Kh1 Qg2# 0-1

[Event "VIII Open B Inverno"]
[Site "Offida ITA"]
[Date "2010.12.12"]
[Round "5"]
[White "Chiappini, Saturnino"]
[Black "Agostinelli, Matteo"]
[Result "0-1"]
[WhiteElo "1496"]
[BlackElo "1449"]
[PlyCount "98"]
[EventDate "2010.12.05"]

1. d4 d5 2. c4 e6 3. cxd5 Qxd5 4. Nc3 Bb4 5. a3 Bxc3+ 6. bxc3 Nf6 7. f3 Nc6 8.
e4 Qa5 9. Bd2 Bd7 10. Bd3 a6 11. Ne2 h5 12. e5 Ng8 13. h4 Nge7 14. c4 Qb6 15.
Rb1 Qa7 16. Be3 Nxe5 17. Qd2 Nxd3+ 18. Qxd3 Nf5 19. Bf2 b5 20. c5 c6 21. Ng3
Nxg3 22. Bxg3 f6 23. Bd6 O-O-O 24. O-O Be8 25. Qc3 a5 26. Rfe1 Bf7 27. Qb3 Rhe8
28. f4 e5 29. Qg3 g6 30. fxe5 fxe5 31. dxe5 a4 32. Red1 Rg8 33. Qf3 Qb7 34. Qf6
Rde8 35. Rd4 Bb3 36. Re1 Re6 37. Rf1 Rxf6 38. Rxf6 Qg7 39. Rdf4 g5 40. Rf8+
Rxf8 41. Rxf8+ Kd7 42. Rf6 gxh4 43. e6+ Bxe6 44. Rf8 Bd5 45. Rf2 h3 46. Re2
Qa1+ 47. Kf2 hxg2 48. Re7+ Kd8 49. Re1 Qxe1+ 0-1

[Event "VIII Open B Inverno"]
[Site "Offida ITA"]
[Date "2010.12.12"]
[Round "5"]
[White "Di Giacobbe, Fabrizio"]
[Black "Pierantozzi, Francesco"]
[Result "1-0"]
[WhiteElo "1410"]
[BlackElo "1290"]
[PlyCount "91"]
[EventDate "2010.12.05"]

1. d4 d5 2. c4 Nf6 3. e3 e6 4. Nc3 Bd6 5. Bd3 O-O 6. Nf3 e5 7. dxe5 dxc4 8. Bc2
Bxe5 9. Qxd8 Rxd8 10. Nxe5 Be6 11. O-O Nbd7 12. Nf3 h6 13. Nd4 Bg4 14. h3 Bh5
15. b3 Ne5 16. Ba3 a6 17. Be7 Rd7 18. Bxf6 gxf6 19. b4 Rc8 20. Ne4 Kg7 21. Nf5+
Kg6 22. Nfg3 f5 23. Nxh5 fxe4 24. Ng3 f5 25. Rfd1 Rcd8 26. Ne2 Nd3 27. a3 b6
28. Nd4 Rd6 29. Ne2 c5 30. bxc5 bxc5 31. Nc3 Rb8 32. Bxd3 cxd3 33. Rab1 Rdd8
34. f3 exf3 35. gxf3 Kh5 36. Rxb8 Rxb8 37. Rxd3 Rg8+ 38. Kh2 Kh4 39. Ne2 Re8
40. Nf4 Rg8 41. Ng2+ Kh5 42. Rd5 Kg5 43. Rxc5 Rd8 44. e4 Rd3 45. Rxf5+ Kg6 46.
Nf4+ 1-0

[Event "VIII Open B Inverno"]
[Site "Offida ITA"]
[Date "2010.12.12"]
[Round "6"]
[White "Almonti, Alberto"]
[Black "Di Giacobbe, Fabrizio"]
[Result "0-1"]
[WhiteElo "1386"]
[BlackElo "1410"]
[PlyCount "92"]
[EventDate "2010.12.05"]

1. e4 e5 2. Nf3 Nf6 3. Nc3 Nc6 4. Bc4 Nxe4 5. Nxe4 d5 6. d4 dxc4 7. Bg5 Be7 8.
Bxe7 Nxe7 9. Nfd2 Bf5 10. Nc5 b6 11. Na4 Qxd4 12. Qe2 Bxc2 13. Nf3 Qd3 14. Nxe5
Qxe2+ 15. Kxe2 Bxa4 16. Nxc4 Bb5 17. Kd3 Rd8+ 18. Kc3 Nd5+ 19. Kb3 O-O 20. a4
Bxc4+ 21. Kxc4 Rfe8 22. Ra3 c6 23. Rd1 Nf4 24. Rxd8 Rxd8 25. Rf3 Nxg2 26. Rg3
Nf4 27. Rg4 Nd3 28. Rg3 Nxb2+ 29. Kb4 Nd3+ 30. Kb3 Nxf2 31. Rg2 Ne4 32. Rc2 c5
33. Rc4 Nd2+ 34. Kc3 Nxc4 35. Kxc4 f5 36. Kb5 f4 37. Ka6 Rd4 38. Kb5 f3 39. a5
bxa5 40. Kxc5 Rd1 41. h4 f2 42. Kc4 f1=Q+ 43. Kc5 Qf8+ 44. Kb5 a6+ 45. Kxa5 Rb1
46. Kxa6 Qa8# 0-1

[Event "VIII Open A Inverno"]
[Site "Offida ITA"]
[Date "2010.12.05"]
[Round "1"]
[White "Dazj, Andrea"]
[Black "Coccagna, Marcello"]
[Result "1-0"]
[WhiteElo "1864"]
[BlackElo "1487"]
[PlyCount "47"]
[EventDate "2010.12.05"]

1. d4 d5 2. Nf3 Nf6 3. e3 g6 4. Bd3 Bg7 5. Nbd2 O-O 6. b3 Nc6 7. a3 Bg4 8. Bb2
Qd6 9. h3 Bd7 10. c4 dxc4 11. Nxc4 Qd5 12. O-O Bf5 13. Be2 Ne4 14. Rc1 b5 15.
Ncd2 a5 16. Nxe4 Bxe4 17. Rc5 Qd7 18. Bxb5 Bd5 19. Qe2 f5 20. Rfc1 Rf6 21. Ne5
Qd6 22. Rxd5 Qxd5 23. Bc4 Qxc4 24. Qxc4+ 1-0

[Event "VIII Open A Inverno"]
[Site "Offida ITA"]
[Date "2010.12.05"]
[Round "1"]
[White "Di Giacobbe, Matteo"]
[Black "Di Martino, Antonio"]
[Result "1/2-1/2"]
[WhiteElo "1720"]
[BlackElo "1890"]
[PlyCount "113"]
[EventDate "2010.12.05"]

1. e4 e6 2. d4 d5 3. Nd2 dxe4 4. Nxe4 Nd7 5. Nf3 Be7 6. c4 b6 7. Bd3 Bb7 8. O-O
Ngf6 9. Qe2 O-O 10. b3 h6 11. Bb2 Nxe4 12. Bxe4 Bxe4 13. Qxe4 Nf6 14. Qe2 Qd6
15. Rfd1 Rfe8 16. h3 Rad8 17. Rac1 Qf4 18. Qe5 Bd6 19. Qxf4 Bxf4 20. Rc2 Rd7
21. g3 Bd6 22. Rcd2 Red8 23. Kf1 Bb4 24. Rd3 Bd6 25. Ke2 c6 26. a4 a6 27. Ba1
Bb8 28. b4 b5 29. c5 Nd5 30. axb5 axb5 31. Bc3 Ra7 32. Be1 Ra2+ 33. R1d2 Ra4
34. Rb2 f6 35. Nh4 g5 36. Ng2 Kf7 37. Ne3 Ne7 38. g4 Ng6 39. Ng2 Ra7 40. f3
Rad7 41. Bf2 Ne5 42. Rd1 Nc4 43. Rbb1 Rd5 44. Ne1 Kg6 45. Nc2 f5 46. Be3 Nxe3
47. Kxe3 Be5 48. Rd3 Bf6 49. Rbd1 e5 50. dxe5 Rxd3+ 51. Rxd3 Rxd3+ 52. Kxd3
Bxe5 53. Ne3 fxg4 54. fxg4 h5 55. Nf5 hxg4 56. hxg4 Kf6 57. Nd4 1/2-1/2